00950nam a2200253Ia 450000500170000000800410001702000150005808200200007310000260009324501540011925000190027330000430029249000290033550400280036465000330039265000360042565000440046170000360050526400320054133600270057333700330060033800280063304000350066120220317000655.0160601s2003 ck a g 000 0 spa  a958200720604a371.8019 bB87p1 aBurgos, Campo Elías13aLa pregunta en la vida de los niños bun aporte al desarrollo de la competencia comunicativa cCampo Elías Burgos, Mercedes Delgadillo González a1a. edición  a130 páginas bilustraciones c24 cm  aColección aula abierta aIncluye bibliografías142LEMBaPsicología infantil 142LEMBaOrientación estudiantil142LEMBaPregunta y respuestas infantiles 1 aDelgadillo González, Mercedes aBogotá bMagisterioc2003 atextobtxt2rdacontent asin mediaciónbn2rdamedia avolumenbnc2rdacarrier aCO-BoRNBPbspaerdacCO-BoRNBP